00666 2200217 4500001002100000005001500021007000300036008004100039020000600080035002000086082001600106084002200122110005300144245006400197260007000261300002800331650001600359650001500375856003400390990002400424INLIS00000000000804020260225014552ta260225 0 ind  a- a0010-0226000093 a633.3+633.4 a633.3+633.4 BAL h0 aBalai Penelitian Kacang-Kacangan Dan Umbi-Umbian1 aHasil Penelitian Kacang-Kacangan Dan Umbi-Umbian Tahun 2010 aMalang :bBalai Penelitian Kacang-Kacangan Dan Umbi-Umbian,c2010 a50p. :bIlus ;c27.9 cm 4aKacang-Umbi 4aPenelitian aPerpustakaan BBRMP Jawa Timur a173/2026/BBRMPJATIM